000 00348nam a2200145 a 4500
008 970411s1974||||xx 0 und c
040 _aSNK
_bslo
_cSNK
_eAACR2
100 1 _aFursenko, Alexander
245 1 0 _aDynastia Rockefellerovcov
260 _aBratislava
_bObzor
_c1974
300 _a431 s.
020 _c32
044 _axo
_cSK
041 _aslo
999 _c10556
_d10556